| 000 | 00948nas a2200325 4500 | ||
|---|---|---|---|
| 001 | BR2012005174 | ||
| 003 | BR-BrBNA | ||
| 005 | 20231205120836.0 | ||
| 007 | ta | ||
| 008 | 230509b bl.|||p| |||| 00| 00por d | ||
| 040 |
_aBR-BrBNA _bpor _cBiblioteca Nacional de Agricultura |
||
| 041 | _a(Pt) | ||
| 072 | _aK10 | ||
| 100 | 1 | _aConceição, F.X. da | |
| 100 | 1 | _aDrescher, R. | |
| 100 | 1 | _aPelissari, A.L. | |
| 100 | 1 | _aLanssanova, L.R. | |
| 100 | 1 | _aFavalessa, C.M.C. | |
| 100 | 1 | _aRoquette, J.G. | |
| 245 | 1 | _aCapacidade produtiva local de Tectona grandis em Monte Dourado, estado do Pará, Brasil | |
| 650 | _aTECA | ||
| 650 | _aTECTONA GRANDIS | ||
| 650 | _aPRODUTIVIDADE | ||
| 650 | _aMANEJO | ||
| 650 | _aMÉTODO ESTATÍSTICO | ||
| 650 | _aPARÁ | ||
| 773 | 0 |
_tCiência Rural (Brazil) _xISSN 0103-8478 _g(May 2012), v. 42(5) p. 822-827 _wBR2012005174 |
|
| 909 |
_a202311 _bLúcia _c55 _dLúcia Elande |
||
| 942 |
_2AGRIS _n0 _cANA |
||
| 999 |
_c220604 _d220604 |
||